000 00395nam a22001337a 4500
020 _a9789697679140
040 _cNUST
082 _a954.9183 IQB
100 _aIqbal A Rehman Mandwia
_988646
245 _aIss Dasht Main Aik Sheher Tha;
_bKarachi Kay Sunehray Dino Ki Dastan
260 _aKARACHI,
_bZak Books,
_c2020.
650 _aKarachi Kay Sunehray Dino Ki Dastan
_989579
942 _2ddc
_cBK
999 _c587717
_d587717